000 00722nam a22001937a 4500
999 _c371929
_d371929
008 201127b ||||| |||| 00| 0 eng d
040 _aDE-2950
_bger
_cDE-2950
_erda
041 _ager
245 _aAls Frankfurt Halbleiterstadt war
_cred
_bWirtschaft. Eine Themenwoche und das neue Frankfurter Jahrbuch beschäftigen sich mit dem einstigen Großbetrieb/
264 _c2022
653 _aFrankfurt (Oder)
653 _aHalbleiterwerk
653 _aThemenwoche
773 _dFrankfurt (Oder) Märkisches Verlags- und Druckhaus GmbH & Co KG
_tMärkische Oderzeitung
_g33. Jahrgang (2022) Nr. 262 vom 10.11.2022, S. 13; mit Foto
942 _cA